000 00298nam a22001337a 4500
008 171017b xxu||||| |||| 00| 0 eng d
020 _a9780071462365
041 _aeng
080 _24TH
_a330.101.542
100 _a52
101 _aMIK
245 _aMICROECONOMICS
_cSALVATORE,D
942 _2udc
_cBK
999 _c34429
_d34429